Εισαγωγή στην ιδιωτική ασφάλιση

Αποθηκεύτηκε σε:
Λεπτομέρειες βιβλιογραφικής εγγραφής
Κύριος συγγραφέας: Νεκτάριος, Μιλτιάδης
Μορφή: Βιβλίο
Γλώσσα:Greek
Δημοσίευση: Αθήνα : Forum, c2003.
Έκδοση:4η έκδ. ανάθ.
Θέματα:
Ετικέτες: Προσθήκη ετικέτας
Δεν υπάρχουν, Καταχωρήστε ετικέτα πρώτοι!

MARC

LEADER 00000cam a2200000 i 4500
001 1/9704
008 100723r2003 gr | ||| |||| ||gre||
020 |a 9607247434 
035 |l 10108742 
040 |a GR-MyUa  |b gre  |e AACR2 
041 0 |a gre 
082 7 |a 368.949   |2 (22) 
100 1 |a Νεκτάριος, Μιλτιάδης. 
245 1 0 |a Εισαγωγή στην ιδιωτική ασφάλιση /   |c Μιλτιάδης Νεκτάριος. 
250 |a 4η έκδ. ανάθ. 
260 |a Αθήνα :   |b Forum,   |c c2003. 
300 |a 475 σ. :   |b πίν. ;   |c 23 εκ. 
504 |a Βιβλιογραφία: σ. 470-475. 
650 0 0 |a Insurance  |x Law and legislation. 
650 0 0 |a Self-insurance. 
650 0 0 |a Life insurance. 
650 0 0 |a Insurance, Business. 
650 0 0 |a Insurance, Disaster. 
852 |a INST  |b SAMOS  |e 20100723  |h 368.949 ΝΕΚ  |p 005300031406  |q 005300031406  |t BK  |y 23 
852 |a INST  |b SAMOS  |e 20100723  |h 368.949 ΝΕΚ  |p 005300031407  |q 005300031407  |t BK  |y 0 
852 |a INST  |b SAMOS  |e 20120917  |h 368.949 ΝΕΚ  |p 005300033617  |q 005300033617  |t BK  |y 0 
852 |a INST  |b SAMOS  |e 20111213  |h 368.949 ΝΕΚ  |p 005300034130  |q 005300034130  |t BK  |y 0 
852 |a INST  |b SAMOS  |e 20111213  |h 368.949 ΝΕΚ  |p 005300034131  |q 005300034131  |t BK  |y 0 
852 |a INST  |b SAMOS  |e 20111213  |h 368.949 ΝΕΚ  |p 005300034132  |q 005300034132  |t BK  |y 10 
901 |a BIBL3-2012-3 
901 |a BIBL3-2011-3 
901 |a BIBL3-2010-2 
970 |a ΣΙΤΖΙΜΗ  |b ΓΙΑΣΕΜΗ  |z 2010/07/23